Efektívnosť investícií do zdravotníctva a jej determinanty

Meranie efektívnosti v ekonomickej teórii. Využitie analýzy obalu dát pre identifikovanie efektívnosti. Celková efektívnosť výdavkov na zdravotníctvo. Vzťah ekonomického rastu a zdravotníctva. Determinanty vplývajúce na efektívnosť.

Uložené v:
Podrobná bibliografia
Hlavný autor: Dováľová, Gabriela, 1982-
Médium: Kapitola
Jazyk:Slovak
Predmet:
Tagy: Pridať tag
Žiadne tagy, Buďte prvý, kto otaguje tento záznam!

MARC

LEADER 00000naa a2200000 4500
001 0146098
005 20240319105649.9
041 0 |a slo 
044 |a SK 
245 1 0 |a Efektívnosť investícií do zdravotníctva a jej determinanty  |c Gabriela Dováľová 
520 |a Meranie efektívnosti v ekonomickej teórii. Využitie analýzy obalu dát pre identifikovanie efektívnosti. Celková efektívnosť výdavkov na zdravotníctvo. Vzťah ekonomického rastu a zdravotníctva. Determinanty vplývajúce na efektívnosť. 
610 2 0 |a efektívnosť investícií ekonomická 
610 2 0 |a zdravotníctvo 
610 2 0 |a starostlivosť zdravotná 
610 2 0 |a zdroje finančné 
610 2 0 |a rast hospodársky 
100 1 |a Dováľová, Gabriela, 1982-